Hoạt động giáo dục ngoài giờ lên lớp 9 Sách giáo viên

Spremljeno u:
Bibliografski detalji
Glavni autor: Hà, Nhật Thăng
Daljnji autori: Bùi, Ngọc Diệp
Format: Knjiga
Jezik:Undetermined
Izdano: H. Giáo dục 2006
Teme:
Online pristup:http://lrc.tdmu.edu.vn/opac/search/detail.asp?aID=2&ID=5049
Oznake: Dodaj oznaku
Bez oznaka, Budi prvi tko označuje ovaj zapis!
Thư viện lưu trữ: Trung tâm Học liệu Trường Đại học Thủ Dầu Một
LEADER 00725nam a2200217Ia 4500
001 TDMU_5049
008 210410s9999 xx 000 0 und d
082 |a 371.8 
090 |b H100 
100 |a Hà, Nhật Thăng 
245 0 |a Hoạt động giáo dục ngoài giờ lên lớp 9 
245 0 |b Sách giáo viên 
245 0 |c Hà Nhật Thăng 
260 |a H. 
260 |b Giáo dục 
260 |c 2006 
300 |a 127tr 
650 |a Sách lớp 9  |v Giáo viên; Hoạt động ngoại khóa  |x Lớp 9 
700 |a Bùi, Ngọc Diệp 
856 |u http://lrc.tdmu.edu.vn/opac/search/detail.asp?aID=2&ID=5049 
980 |a Trung tâm Học liệu Trường Đại học Thủ Dầu Một